000 00656nam a2200205Ia 4500
003 GCL
008 140319s9999 xx 000 0 ara d
040 _aGCL /
_cGCL
082 0 4 _a780.15
_bف ف
100 1 _aفرج العنترى
245 1 0 _aفى التذوق الموسيقى /
_cفرج العنترى
250 _aالاولى
260 _aالقاهرة :
_bالهيئة العامة لقصور الثقافة ،
_c1997
300 _a297 ص ؛
_c20سم
490 _aمكتبة الشباب
_v61
650 0 4 _aالتذوق الفنى
650 0 4 _aالتذوق الموسيقى
650 0 4 _aالغناء المسرحى
942 _2ddc
_cBK
999 _c50732
_d50732